00388nam a2200121 a 45000010005000000030005000050050017000100080041000270400026000682450097000942600046001916000029002373957CDMR20130805132438.0130130s1999||||||||||||||||||||||||||||d aCDMRbcatcCPC LLEIDA00aAntoni Rovira i Virgili b: 1882-1949c[selecció a cura de: Teresa Rovira i Lluís Duran] aBarcelonac1999bGeneralitat de Catalunya1 aRovira i Virgili, Antoni